| Tag |
First Indicator |
Second Indicator |
Subfields |
| LEADER |
00000cam a2200000Ia 4500 |
| 001 |
in00002781644 |
| 006 |
m d |
| 007 |
cr cn||||||||| |
| 008 |
120507s2012 nyua ob 001 0 eng d |
| 005 |
20250816210217.2 |
| 010 |
|
|
|z 2012018812
|
| 020 |
|
|
|z 9780801450624 (alk. paper)
|
| 020 |
|
|
|z 9780801465956
|
| 035 |
|
|
|a (CaPaEBR)ebr10597734
|
| 040 |
|
|
|a CaPaEBR
|c CaPaEBR
|d UtOrBLW
|
| 050 |
1 |
4 |
|a HG2051.C6
|b O54 2012eb
|
| 082 |
0 |
4 |
|a 332.7/10951
|2 23
|
| 100 |
1 |
|
|a Ong, Lynette H.
|
| 245 |
1 |
0 |
|a Prosper or perish :
|b credit and fiscal systems in rural China /
|c Lynette Ong.
|
| 264 |
|
1 |
|a Ithaca :
|b Cornell University Press,
|c 2012.
|
| 300 |
|
|
|a 1 online resource (xviii, 212 pages) :
|b illustrations
|
| 336 |
|
|
|a text
|b txt
|2 rdacontent
|
| 337 |
|
|
|a computer
|b c
|2 rdamedia
|
| 338 |
|
|
|a online resource
|b cr
|2 rdacarrier
|
| 504 |
|
|
|a Includes bibliographical references and index.
|
| 500 |
|
|
|a Electronic resource.
|
| 650 |
|
0 |
|a Rural credit
|z China.
|
| 650 |
|
0 |
|a Rural development
|z China.
|
| 650 |
|
0 |
|a Banks and banking, Cooperative
|z China.
|
| 650 |
|
0 |
|a Local finance
|z China.
|
| 650 |
|
0 |
|a Central-local government relations
|z China.
|
| 655 |
|
7 |
|a Electronic books.
|2 local
|
| 710 |
2 |
|
|a ebrary, Inc.
|
| 856 |
4 |
0 |
|u https://ebookcentral.proquest.com/lib/tamucs/detail.action?docID=3138367
|y Connect to the full text of this electronic book
|t 0
|
| 980 |
|
|
|a 120925
|b 39.95
|c USD
|e 39.95
|f YBP_EBR0000043082
|g 1
|
| 999 |
f |
f |
|s 635dd889-e413-382b-a35c-f2a43324ff1c
|i a14968b8-ea07-3a49-8fa0-a76cf2f88806
|t 0
|
| 999 |
|
|
|a MARS
|
| 952 |
f |
f |
|a Texas A&M University
|b College Station
|c Electronic Resources
|d Available Online
|t 0
|e HG2051.C6 O54 2012eb
|h Library of Congress classification
|
| 998 |
f |
f |
|a HG2051.C6 O54 2012eb
|t 0
|l Available Online
|